000 01037nas a2200265 454500
001 39359
005 20260407193510.0
008 260407s1995####ag###########|||spa#d
003 AR-UNSa-BCEJYS
040 _aAR-UNSa-BCEJYS
_bspa
_cAR-UNSa-BCEJYS
080 _a338.2
_xPolítica económica. Control de la economía. Gestión de la economía. Planificación económica
245 1 0 _aDocumento de trabajo
264 1 _aBuenos Aires :
_bUniversidad de Buenos Aires
_c1995
310 _aFrecuencia: Irregular
041 _aspa
942 _cSER
590 _aniveau_biblio:s niveau_hierar:1
100 1 _aUniversidad de Buenos Aires. Facultad de Ciencias Económicas. Instituto de Investigaciones Económicas. Centro de Estudios de la Estructura Económica (CENES)
650 _aINVERSIONES
650 _aPolítica económica
650 _aPolítica industrial
650 _aInvestigación económica
650 _aEXPORTACIONES
856 4 1 _uhttps://biblioeco.unsa.edu.ar/pmb/images/revistas/R20316.jpg
_yImagen de portada
_qimage/jpeg
999 _c8833
_d8833